| Tag |
First Indicator |
Second Indicator |
Subfields |
| LEADER |
00000cam a2200000 a 4500 |
| 001 |
in00002753239 |
| 005 |
20211120164536.0 |
| 006 |
m o d f |
| 007 |
cr mn||||||||| |
| 008 |
120223s2012 dcuab ob f000 0 eng c |
| 035 |
|
|
|a (OCoLC)ocn777960909
|
| 040 |
|
|
|a AWC
|c AWC
|d GPO
|d MvI
|d UtOrBLW
|
| 042 |
|
|
|a pcc
|
| 043 |
|
|
|a a-af---
|a n-us---
|
| 049 |
|
|
|a WWW
|
| 074 |
|
|
|a 0545-A-04 (online)
|
| 086 |
0 |
|
|a GA 1.41:GAO-12-293 R
|
| 088 |
|
|
|a GAO-12-293 R
|
| 100 |
1 |
|
|a Johnson, Charles Michael.
|
| 245 |
1 |
0 |
|a Afghanistan security :
|b Department of Defense effort to train Afghan police relies on contractor personnel to fill skill and resource gaps /
|c [Charles Michael Johnson, Jr.].
|
| 246 |
3 |
0 |
|a Department of Defense effort to train Afghan police relies on contractor personnel to fill skill and resource gaps
|
| 264 |
|
1 |
|a Washington, DC :
|b U.S. Govt. Accountability Office,
|c [2012]
|
| 300 |
|
|
|a 1 online resource (15 pages) :
|b color illustrations, color map.
|
| 336 |
|
|
|a text
|b txt
|2 rdacontent
|
| 337 |
|
|
|a computer
|b c
|2 rdamedia
|
| 338 |
|
|
|a online resource
|b cr
|2 rdacarrier
|
| 500 |
|
|
|a Title from PDF title screen (viewed Feb. 23, 2012).
|
| 500 |
|
|
|a "February 23, 2012."
|
| 504 |
|
|
|a Includes bibliographical references.
|
| 500 |
|
|
|a "GAO-12-293R."
|
| 500 |
|
|
|a Electronic resource.
|
| 610 |
1 |
0 |
|a United States.
|b Department of Defense
|v Rules and practice.
|
| 610 |
1 |
0 |
|a Afghanistan.
|b National Police.
|
| 650 |
|
0 |
|a Police training
|z Afghanistan.
|
| 650 |
|
0 |
|a Contracting out
|z United States.
|
| 650 |
|
0 |
|a Government contractors
|z United States.
|
| 710 |
1 |
|
|a United States.
|b Government Accountability Office.
|
| 856 |
4 |
0 |
|u https://purl.fdlp.gov/GPO/gpo21614
|t 0
|
| 999 |
|
|
|a MARS
|
| 999 |
f |
f |
|s 499fd187-daf8-344c-9f83-ee724e32e8e3
|i 50683a6f-7454-37f0-b4d4-688c8102fe8d
|t 0
|
| 952 |
f |
f |
|a Texas A&M University
|b College Station
|c Electronic Resources
|d Available Online
|t 0
|e GA 1.41:GAO-12-293 R
|h Superintendent of Documents classification
|
| 998 |
f |
f |
|a GA 1.41:GAO-12-293 R
|t 0
|l Available Online
|